Hermeneutics : (Record no. 26765)

000 -LEADER
fixed length control field 01507cam a2200373 a 4500
001 - CONTROL NUMBER
control field 14512326
005 - DATE AND TIME OF LATEST TRANSACTION
control field 20170206110045.0
008 - FIXED-LENGTH DATA ELEMENTS--GENERAL INFORMATION
fixed length control field 060822s2004 ne a b 001 0 eng c
010 ## - LIBRARY OF CONGRESS CONTROL NUMBER
LC control number 2006279672
015 ## - NATIONAL BIBLIOGRAPHY NUMBER
Source bnb
National bibliography number GBA530456
016 7# - NATIONAL BIBLIOGRAPHIC AGENCY CONTROL NUMBER
Record control number 013158959
Source Uk
020 ## - INTERNATIONAL STANDARD BOOK NUMBER
International Standard Book Number 140202617X (hd.bd.)
020 ## - INTERNATIONAL STANDARD BOOK NUMBER
International Standard Book Number 9781402026171 (hd.bd.)
020 ## - INTERNATIONAL STANDARD BOOK NUMBER
International Standard Book Number 1402026188 (ebook)
020 ## - INTERNATIONAL STANDARD BOOK NUMBER
International Standard Book Number 9781402026188 (ebook)
024 8# - OTHER STANDARD IDENTIFIER
Standard number or code 99810474040
035 ## - SYSTEM CONTROL NUMBER
System control number (OCoLC)ocm58421927
040 ## - CATALOGING SOURCE
Original cataloging agency OHX
Transcribing agency STF
Modifying agency OHX
-- UKM
-- WSE
-- INU
-- BAKER
-- YDXCP
-- DLC
042 ## - AUTHENTICATION CODE
Authentication code pcc
050 00 - LIBRARY OF CONGRESS CALL NUMBER
Classification number BD241
Item number .S39 2004
100 1# - MAIN ENTRY--PERSONAL NAME
Personal name Seebohm, Thomas M.
245 10 - TITLE STATEMENT
Title Hermeneutics :
Remainder of title method and methodology /
Statement of responsibility, etc. by T.M. Seebohm.
260 ## - PUBLICATION, DISTRIBUTION, ETC. (IMPRINT)
Place of publication, distribution, etc. Dordrecht :
Name of publisher, distributor, etc. Kluwer Academic Publishers,
Date of publication, distribution, etc. c2004.
300 ## - PHYSICAL DESCRIPTION
Extent xi, 272 p. :
Other physical details ill. ;
Dimensions 25 cm.
440 #0 - SERIES STATEMENT/ADDED ENTRY--TITLE
Title Contributions to phenomenology ;
Volume/sequential designation v. 50.
504 ## - BIBLIOGRAPHY, ETC. NOTE
Bibliography, etc Includes bibliographical references (p. 251-261) and indexes.
650 #0 - SUBJECT ADDED ENTRY--TOPICAL TERM
Topical term or geographic name as entry element Hermeneutics.
906 ## - LOCAL DATA ELEMENT F, LDF (RLIN)
a 7
b cbc
c pccadap
d 2
e ncip
f 20
g y-gencatlg
942 ## - ADDED ENTRY ELEMENTS (KOHA)
Source of classification or shelving scheme
Koha item type Hard Covered Materials
Classification part BD 241 .S39 2004
Holdings
Withdrawn status Lost status Source of classification or shelving scheme Damaged status Not for loan Home library Current library Shelving location Date acquired Source of acquisition Total Checkouts Full call number Barcode Date last seen Price effective from Koha item type
          MACHAKOS UNIVERSITY LIBRARY MACHAKOS UNIVERSITY LIBRARY Open shelf 06/02/2017 Donation (B.F.A)   BD 241 .S39 2004 30746 06/02/2017 06/02/2017 Hard Covered Materials
© Machakos University Library, Along The Highway, Machakos Wote Rd, Machakos, Kenya P.O. Box 136 - 90100 Machakos - Kenya

Tel: ( +254 ) 723 805829 OR Fax : 044-20353 OR Email: library@mksu.ac.ke